| 000 | 00432cam a2200169ua 4500 | ||
|---|---|---|---|
| 041 |
_aeng _h |
||
| 082 |
_a621.0423 _bBRA/FU |
||
| 100 | _aBrame, J S S . | ||
| 245 |
_aFuel:solid,liquid and gaseous / _cJ S S Brame. _hTextual Documents |
||
| 250 |
_a6 / _b. |
||
| 260 |
_aLondon : _bEdward Arnold Publications Ltd , _c1967. |
||
| 300 | _a518 ; . | ||
| 504 | _a | ||
| 700 | 1 | _aKing, J G . | |
| 942 | _cBK | ||
| 999 |
_c11024 _d11024 |
||